<?xml version="1.0" encoding="UTF-8"?>
<collection xmlns="http://www.loc.gov/MARC21/slim">
 <record>
  <leader>04409cam a2200649   4500</leader>
  <controlfield tag="001">1616578580</controlfield>
  <controlfield tag="003">DE-627</controlfield>
  <controlfield tag="005">20221201193150.0</controlfield>
  <controlfield tag="007">tu</controlfield>
  <controlfield tag="008">150923s2015    be |||||      00| ||fre c</controlfield>
  <datafield tag="020" ind1=" " ind2=" ">
   <subfield code="a">9782503554617</subfield>
   <subfield code="9">978-2-503-55461-7</subfield>
  </datafield>
  <datafield tag="020" ind1=" " ind2=" ">
   <subfield code="a">250355461X</subfield>
   <subfield code="9">2-503-55461-X</subfield>
  </datafield>
  <datafield tag="035" ind1=" " ind2=" ">
   <subfield code="a">(DE-627)1616578580</subfield>
  </datafield>
  <datafield tag="035" ind1=" " ind2=" ">
   <subfield code="a">(DE-576)445737654</subfield>
  </datafield>
  <datafield tag="035" ind1=" " ind2=" ">
   <subfield code="a">(DE-599)BSZ445737654</subfield>
  </datafield>
  <datafield tag="035" ind1=" " ind2=" ">
   <subfield code="a">(OCoLC)922699421</subfield>
  </datafield>
  <datafield tag="035" ind1=" " ind2=" ">
   <subfield code="a">(OCoLC)919192233</subfield>
  </datafield>
  <datafield tag="040" ind1=" " ind2=" ">
   <subfield code="a">DE-627</subfield>
   <subfield code="b">ger</subfield>
   <subfield code="c">DE-627</subfield>
   <subfield code="e">rda</subfield>
  </datafield>
  <datafield tag="041" ind1=" " ind2=" ">
   <subfield code="a">fre</subfield>
  </datafield>
  <datafield tag="044" ind1=" " ind2=" ">
   <subfield code="c">XA-BE</subfield>
  </datafield>
  <datafield tag="050" ind1=" " ind2="0">
   <subfield code="a">D51-95</subfield>
  </datafield>
  <datafield tag="082" ind1="0" ind2=" ">
   <subfield code="a">930</subfield>
  </datafield>
  <datafield tag="084" ind1=" " ind2=" ">
   <subfield code="a">6,12</subfield>
   <subfield code="a">0</subfield>
   <subfield code="2">ssgn</subfield>
  </datafield>
  <datafield tag="084" ind1=" " ind2=" ">
   <subfield code="a">11.10</subfield>
   <subfield code="2">bkl</subfield>
  </datafield>
  <datafield tag="084" ind1=" " ind2=" ">
   <subfield code="a">15.25</subfield>
   <subfield code="2">bkl</subfield>
  </datafield>
  <datafield tag="245" ind1="1" ind2="0">
   <subfield code="a">De la crise naquirent les cultes</subfield>
   <subfield code="b">approches croisées de la religion, de la philosophie et des représentations antiques ; actes du Colloque international organisé à Louvain-la-Neuve les 12 et 13 juin 2014 par le Centre d'étude des Mondes Antiques, le Centre d'Histoire des Regligions Cardinal Julien Ries et les Actions de Recherche Concertées, A World in Crisis?</subfield>
   <subfield code="c">Textes réunis et édités par Marco Cavalieri, René Lebrun et Nicolas L. J. Meunier</subfield>
  </datafield>
  <datafield tag="264" ind1=" " ind2="1">
   <subfield code="a">Turnhout, Belgium</subfield>
   <subfield code="b">Brepols</subfield>
   <subfield code="c">[2015]</subfield>
  </datafield>
  <datafield tag="300" ind1=" " ind2=" ">
   <subfield code="a">314 Seiten</subfield>
   <subfield code="b">Illustrationen</subfield>
  </datafield>
  <datafield tag="336" ind1=" " ind2=" ">
   <subfield code="a">Text</subfield>
   <subfield code="b">txt</subfield>
   <subfield code="2">rdacontent</subfield>
  </datafield>
  <datafield tag="337" ind1=" " ind2=" ">
   <subfield code="a">ohne Hilfsmittel zu benutzen</subfield>
   <subfield code="b">n</subfield>
   <subfield code="2">rdamedia</subfield>
  </datafield>
  <datafield tag="338" ind1=" " ind2=" ">
   <subfield code="a">Band</subfield>
   <subfield code="b">nc</subfield>
   <subfield code="2">rdacarrier</subfield>
  </datafield>
  <datafield tag="490" ind1="1" ind2=" ">
   <subfield code="a">Homo Religiosus</subfield>
   <subfield code="v">Série 2, 15</subfield>
  </datafield>
  <datafield tag="500" ind1=" " ind2=" ">
   <subfield code="a">Literaturangaben</subfield>
  </datafield>
  <datafield tag="520" ind1=" " ind2=" ">
   <subfield code="a">Dans le présent volume le lecteur prendra connaissance des contributions présentées à loccasion dun colloque international organisé à lUniversité catholique de Louvain les 12 et 13 juin 2014 par le Centre détude des Mondes Antiques en collaboration avec le Centre dHistoire des Religions Cardinal Julien Ries et les Actions de Recherche Concertées A World in Crisis?. Le thème se focalisait sur la corrélation des notions de culte et de crise, dont les acceptions particulières se trouvent sensiblement modifiées et enrichies par leur mise en rapport. Le concept supérieur ainsi formé peut lui-même être mis en relation avec lexpression anglo-saxonne Crisis Cults, originellement un des produits de la recherche ethno-anthropologique américaine des années 1970. Les auteurs ont ainsi été invités à réfléchir sur la différence quils pourraient éventuellement identifier, en se basant sur leur propre domaine de spécialisation, entre des cultes subissant une crise (ce que représente lexpression française ?cultes en crise?) et des cultes issus dune crise, autrement dit des cultes qui sont une réponse à une situation de crise (ce que traduit lexpression anglaise Crisis cults)</subfield>
  </datafield>
  <datafield tag="655" ind1=" " ind2="7">
   <subfield code="a">Konferenzschrift</subfield>
   <subfield code="0">(DE-588)1071861417</subfield>
   <subfield code="0">(DE-627)826484824</subfield>
   <subfield code="0">(DE-576)433375485</subfield>
   <subfield code="2">gnd-content</subfield>
  </datafield>
  <datafield tag="689" ind1="0" ind2="0">
   <subfield code="d">s</subfield>
   <subfield code="0">(DE-588)4049396-9</subfield>
   <subfield code="0">(DE-627)106187155</subfield>
   <subfield code="0">(DE-576)209081880</subfield>
   <subfield code="a">Religion</subfield>
   <subfield code="2">gnd</subfield>
  </datafield>
  <datafield tag="689" ind1="0" ind2="1">
   <subfield code="d">s</subfield>
   <subfield code="0">(DE-588)4033535-5</subfield>
   <subfield code="0">(DE-627)104297913</subfield>
   <subfield code="0">(DE-576)209002573</subfield>
   <subfield code="a">Kult</subfield>
   <subfield code="2">gnd</subfield>
  </datafield>
  <datafield tag="689" ind1="0" ind2="2">
   <subfield code="d">s</subfield>
   <subfield code="0">(DE-588)4033203-2</subfield>
   <subfield code="0">(DE-627)106258494</subfield>
   <subfield code="0">(DE-576)209000600</subfield>
   <subfield code="a">Krise</subfield>
   <subfield code="2">gnd</subfield>
  </datafield>
  <datafield tag="689" ind1="0" ind2="3">
   <subfield code="d">s</subfield>
   <subfield code="0">(DE-588)4068754-5</subfield>
   <subfield code="0">(DE-627)106105086</subfield>
   <subfield code="0">(DE-576)209174544</subfield>
   <subfield code="a">Antike</subfield>
   <subfield code="2">gnd</subfield>
  </datafield>
  <datafield tag="689" ind1="0" ind2=" ">
   <subfield code="5">DE-101</subfield>
  </datafield>
  <datafield tag="700" ind1="1" ind2=" ">
   <subfield code="a">Cavalieri, Marco</subfield>
   <subfield code="d">1972-</subfield>
   <subfield code="e">HerausgeberIn</subfield>
   <subfield code="0">(DE-588)131715879</subfield>
   <subfield code="0">(DE-627)512989141</subfield>
   <subfield code="0">(DE-576)298694808</subfield>
   <subfield code="4">edt</subfield>
  </datafield>
  <datafield tag="700" ind1="1" ind2=" ">
   <subfield code="a">Lebrun, René</subfield>
   <subfield code="d">1943-</subfield>
   <subfield code="e">HerausgeberIn</subfield>
   <subfield code="0">(DE-588)138688915</subfield>
   <subfield code="0">(DE-627)605253072</subfield>
   <subfield code="0">(DE-576)161934366</subfield>
   <subfield code="4">edt</subfield>
  </datafield>
  <datafield tag="700" ind1="1" ind2=" ">
   <subfield code="a">Meunier, Nicolas</subfield>
   <subfield code="e">HerausgeberIn</subfield>
   <subfield code="0">(DE-588)171910206</subfield>
   <subfield code="0">(DE-627)373082002</subfield>
   <subfield code="0">(DE-576)132663813</subfield>
   <subfield code="4">edt</subfield>
  </datafield>
  <datafield tag="710" ind1="2" ind2=" ">
   <subfield code="a">Université catholique de Louvain</subfield>
   <subfield code="b">Centre d'étude des mondes antiques</subfield>
   <subfield code="e">VeranstalterIn</subfield>
   <subfield code="0">(DE-588)1077888945</subfield>
   <subfield code="0">(DE-627)837700094</subfield>
   <subfield code="0">(DE-576)447027328</subfield>
   <subfield code="4">orm</subfield>
  </datafield>
  <datafield tag="787" ind1="0" ind2="8">
   <subfield code="i">Rezensiert in</subfield>
   <subfield code="a">Painesi, Anastasia</subfield>
   <subfield code="t">[Rezension von: M. Cavalieri (Hrsg.), De la crise naquirent les cultes. Approches croisées de la religion, de la philosophie et des représentations antiques]</subfield>
   <subfield code="d">2016</subfield>
   <subfield code="w">(DE-627)1815488395</subfield>
  </datafield>
  <datafield tag="830" ind1=" " ind2="0">
   <subfield code="a">Homo religiosus</subfield>
   <subfield code="v">Série 2, 15</subfield>
   <subfield code="9">2015</subfield>
   <subfield code="w">(DE-627)130053724</subfield>
   <subfield code="w">(DE-576)008625506</subfield>
   <subfield code="w">(DE-600)435691-3</subfield>
   <subfield code="x">1378-9589</subfield>
  </datafield>
  <datafield tag="889" ind1=" " ind2=" ">
   <subfield code="w">(DE-627)835920208</subfield>
  </datafield>
  <datafield tag="935" ind1=" " ind2=" ">
   <subfield code="i">mdedup</subfield>
  </datafield>
  <datafield tag="936" ind1="b" ind2="k">
   <subfield code="a">11.10</subfield>
   <subfield code="j">Antike Religionen: Allgemeines</subfield>
   <subfield code="0">(DE-627)106404245</subfield>
  </datafield>
  <datafield tag="936" ind1="b" ind2="k">
   <subfield code="a">15.25</subfield>
   <subfield code="j">Alte Geschichte</subfield>
   <subfield code="0">(DE-627)106404652</subfield>
  </datafield>
  <datafield tag="951" ind1=" " ind2=" ">
   <subfield code="a">BO</subfield>
  </datafield>
  <datafield tag="990" ind1=" " ind2=" ">
   <subfield code="a">Religion</subfield>
  </datafield>
  <datafield tag="990" ind1=" " ind2=" ">
   <subfield code="a">Kult</subfield>
  </datafield>
  <datafield tag="990" ind1=" " ind2=" ">
   <subfield code="a">Krise</subfield>
  </datafield>
  <datafield tag="990" ind1=" " ind2=" ">
   <subfield code="a">Antike</subfield>
  </datafield>
  <datafield tag="991" ind1=" " ind2=" ">
   <subfield code="a">Rezensiertes Werk</subfield>
  </datafield>
  <datafield tag="999" ind1=" " ind2=" ">
   <subfield code="a">KXP-PPN1616578580</subfield>
   <subfield code="e">4184320163</subfield>
  </datafield>
 </record>
</collection>
